000 00746nam a2200193Ia 4500
008 151121s9999||||xx |||||||||||||| ||und||
082 _a828/देवगि
082 _bHNW-26513
100 _aदेवगिरीकर त्र्यंबक रघुनाथ
245 _aचिरस्मृति भा-2
260 _b"चित्रशाळा प्रकाशन, पुणे।"
260 _c--
300 _a168
600 _aदेवगिरीकर त्र्यंबक रघुनाथ
630 _aचिरस्मृति भा-2
700 _aदेवगिरीकर त्र्यंबक रघुनाथ
730 _aचिरस्मृति भा-2
942 _cBOOK
999 _c1223095
_d1223092